| 000 | 00598nam a22002177a 4500 | ||
|---|---|---|---|
| 003 | BUBTL | ||
| 008 | 210318b xxu||||| |||| 00| 0 eng d | ||
| 020 | _a0-406-90596-7 | ||
| 082 | _a341/NOP | ||
| 100 |
_aNorth, Peter _94057 |
||
| 245 |
_aPrivate International Law _bPeter North, J.J. Fawcett |
||
| 250 | _a13th | ||
| 260 |
_aLondon _bButterworths _cc1999 |
||
| 300 |
_a[cxviii] , 1069p . : _b21cm. |
||
| 500 | _aIncludes Index | ||
| 650 |
_aLaw _94058 |
||
| 700 |
_aPeter North, J.J. Fawcett _94059 |
||
| 856 |
_k0 _l0 _yDownload |
||
| 942 |
_2ddc _cBK |
||
| 999 |
_c6487 _d6487 |
||